|
|
|
|
| LEADER |
00645nam a2200253 a 4500 |
| 001 |
adlib96000001 |
| 003 |
ViArRB |
| 005 |
20151026130920.0 |
| 008 |
960221s1955 dcuabcdjdbkoqu001 0deng d |
| 020 |
|
|
|
| 022 |
|
|
|
| 040 |
|
|
|a Adlib
|
| 082 |
|
|
|a 89 M- 1 BHR
|
| 245 |
|
|
|a Bhasaramayanacampu
|
| 250 |
|
|
|
| 260 |
|
|
|a Trichur
|b Kerala Sahitya Academy
|c 1967
|
| 300 |
|
|
|a xcv, 952 p.
|
| 500 |
|
|
|a
|
| 100 |
|
|
|a Venkittaramasarmma, V
|
| 700 |
|
|
|
| 942 |
|
|
|c BK
|6 _
|
| 653 |
|
|
|a Bhasaramayanacampu
|
| 999 |
|
|
|c 16174
|d 16174
|
| 952 |
|
|
|0 0
|1 0
|4 0
|6 89_M1BHRSHA
|7 0
|9 27699
|a UL
|b UL
|d 2010-06-16
|o 89 M- 1 BHR SHA
|p H0002004
|r 2010-06-16
|w 2010-06-16
|y BK
|